000 00812nam a22003010a 4500
001 PT45314
003 AR-LpoUNG
005 20210131231044.0
008 191001s2008||||sp |||||||||||||||||spa d
020 _a9788496886063
_c$13
040 _aAR-LpoUNG
_bspa
_cAR-LpoUNG
_eaacr
041 _aspa
044 _asp
082 0 _a808.068 3 635lib
100 1 _aHiggins, F. E.
245 1 3 _aEl libro negro de los secretos
250 _a1ra. ed.
260 _aBarcelona :
_bUrano,
_c2008.
300 _a253 p. :
_bil., mapa
505 0 _aSugerido a partir de 14 años (etiqueta VERDE)
650 4 _aLITERATURA
650 4 _aNOVELAS
651 4 _aDOCUMENTOS TEORICOS O METODOLOGICOS
653 _aLITERATURA INFANTOJUVENIL
700 1 _aTerés Loriente, Mireia
_etr.
905 _a45314
942 _cLIB
999 _c7726
_d7726